• 首页
  • 本馆介绍
  • 公告通知
  • 最新文献
  • 馆藏检索
  • 电子资源
  • 读者导购
  • 参考咨询
  • 我的图书馆
  • 登录
  • 详细信息显示
  • 放入我的书架
  • 预约/预借图书
  • 作者相关作品
  • 分类相关作品
  • 丛书相关作品
  • 出版社相关作品

书目信息

  • 表格格式
  • 工作单格式
  • 卡片格式
题名:
信息经济学
    
 
作者: 何伟
分册:  
出版信息:   经济科学出版社  1998.02
页数: 347页
开本: 32开
丛书名:
单 册:
中图分类: F062.5
科图分类:
主题词: 经济学--分支科学
电子资源:
ISBN: 978-7-5632-2353-4
000 00507nam0 2200193 45
001 0308271042
005 20030827105638.3
010    @a978-7-5632-2353-4@dRMB16.30
100    @a20030827d1998 km y0chiy0120 ea
101    @achi
105    @a z 000yy
200 1  @a信息经济学@Axin xi jing ji xue@f何伟@Fhe wei
210    @c经济科学出版社@d1998.02
215    @a347页@c无图表@d32开
606 0  @a经济学@x分支科学
690    @aF062.5@v3
701  0 @a何伟
801    @aCN@b@c20030827
905    @aBZT@dF062.5@e17
    
    信息经济学/何伟.-经济科学出版社,1998.02
    347页:无图表;32开
    
    
    ISBN 978-7-5632-2353-4:RMB16.30
    
●
相关链接 在五车中查询图书 在当当中查询图书 在豆瓣中查询图书


正题名:信息经济学     索取号:F062.5/17         预约/预借

序号 登录号 条形码 馆藏地/架位号 状态 备注
1 81042   200259567   中心书库北库/ 北库006架B面1列4层43/ [索取号:F062.5/17] 在馆    
2 81043   200244832   中心书库北库/ 北库006架B面1列4层44/ [索取号:F062.5/17] 在馆    
3 81044   200259576   中心书库北库/ 北库006架B面1列4层45/ [索取号:F062.5/17] 在馆    
4 81045   200259594   中心书库北库/ 北库006架B面1列4层42/ [索取号:F062.5/17] 在馆    
山东省滨州职业学院图书馆 欢迎您!
大连网信软件有限公司© 版权所有